01449nam a2200289 a 450000100100000000500170001000800410002704000250006808200170009324500790011026000720018930000210026149000130028250001580029550400290045359000270048265100750050965100870058465000870067170000350075871000610079383000190085491000370087395201140091095201200102499900150114400000597420251120073731.0090825s1987 dr 000 0 spa d aDO-SdBNPbspacBNPHU a338.04bE55c03aEl empresario del Cibao y el futuro dominicano /ceditor Ramón Pichardo. aSantiago de los Caballeros, República Dominicana :bPUCMM,c1987. a117 p. ;c22 cm.1 aEstudios aActa del seminario patrocinado por el Centro de Estudios y Servicios Empresariales (CEYSE) y la Cámara de Comercio, Agricultura e Industria de Santiago aBibliografía: p. 44-48 aInventariado, 2019/MFF 4aRepública DominicanaxComerciovCONGRESOS Y CONFERENCIAS, ETC916834 4aRepública DominicanaxPolítica ComercialvCONGRESOS Y CONFERENCIAS, ETC916835 4aRepública dominicanaxPolítica economicavCONGRESOS Y CONFERENCIAS, ETC9168361 aPichardo, Ramón,eed.9168372 aPontificia Universidad Católica Madre y Maestra 9843 0aEstudios93854 aValidado. Control de calidad MFF 0010718PDaPDbPDcHDd2009-08-25iLF1l0o338.04 E55cp5974-10r2020-06-25w2020-06-25yLFPDZNo se presta 0010718PDaPDbPDcHDd2009-08-25iLF1l0o338.04 E55cp5974-20r2020-06-25te. 2w2020-06-25yLFPDZNo se presta c5770d5770